Statystyki dla Top 4 drużyny piłkarskie z Top 5 lig 2023

Kliknij tutaj aby rozwiązać quiz!

Ogólne statystyki

  • Ten quiz został rozwiązany 856 razy
  • Średni wynik to 14 z 20

Statystyki odpowiedzi

L.p.Premier league% Poprawnych
1.FC Barcelona
96%
2.Real Madryt
95%
1.Manchester City
94%
1.Bayern Monachium
88%
2.Arsenal
87%
1.Paris Saint-Germain
87%
3.Manchester United
86%
3.Inter Mediolan
83%
1.Napoli
82%
3.Atlético Madryt
81%
2.Borussia Dortmund
81%
4.Milan
76%
4.Newcastle United
58%
3.RB Lipsk
54%
2.Lazio
52%
2.RC Lens
50%
4.Real Sociedad
49%
4.Union Berlin
41%
3.Olympique Marsylia
31%
4.Stade Rennais
7%

Rozkład punktacji

Percentyl według liczby udzielonych odpowiedzi

Procent ludzi z każdym wynikiem

Twoja historia wyników

Nie rozwiązałeś tego quizu